00266nam a2200109Ia 45000010005000000080041000050200017000460820018000631000024000812450021001052600030001261037241024s9999 xx 000 0 und d a9934-23-94-7 aRD/658.3/E74g aAlicia Escoto Abreu 0aGestión Humana bEd. Amigo del Hogarc2005